<A> Labor mobility as an adjustment mechanism
Gespeichert in:
| 1. Verfasser: | |
|---|---|
| Weitere Verfasser: | |
| Format: | Buchkapitel |
| Sprache: | Englisch |
| Schlagworte: | |
| Tags: |
Keine Tags, Fügen Sie das erste Tag hinzu!
|
MARC
| LEADER | 00000nla a2200000 4500 | ||
|---|---|---|---|
| 001 | 0200766 | ||
| 005 | 20240502083510.4 | ||
| 041 | 0 | |a eng | |
| 044 | |a VN | ||
| 245 | 1 | 0 | |a <A> Labor mobility as an adjustment mechanism |c Eva Muchová, Marek Kálovec |
| 610 | 2 | 0 | |a pohyb síl pracovných |
| 610 | 2 | 0 | |a pohyb síl pracovných medzinárodný |
| 610 | 2 | 0 | |a Európska únia |
| 610 | 2 | 0 | |a Slovensko |
| 610 | 2 | 0 | |a migrácia |
| 610 | 2 | 0 | |a teórie ekonomické |
| 100 | 1 | |a Muchová, Eva, 1961- | |
| 700 | 1 | |a Kálovec, Marek | |